Guess the country artist by song title - Statistics

General Stats
  • This quiz has been taken 18 times
  • The average score is 17 of 45
Answer Stats
Songs Artist % Correct
Your Cheatin' HeartHey Good Lookin Move It On Over Hank Williams
93%
Family TraditionCountry Boy Can Survive If Heaven Ain't A Lot Like Dixie Hank Williams Jr.
87%
Neon MoonRed Dirt Road Boot Scootin' Boogie Brooks and Dunn
80%
I Walk The LineOne Piece At A Time Hurt Johnny Cash
80%
ChattahoocheTall Tall Trees Livin' On Love Alan Jackson
73%
Ocean Front PropertyAmarillo By Morning Write This Down George Strait
73%
Hello Darlin'That's My Job Tight Fittin' Jeans Conway Twitty
67%
Red Solo CupMade In America Courtesy Of The Red White And Blue Toby Keith
67%
Deeper Than The HollerDiggin' Up Bones 3 Wooden Crosses Randy Travis
60%
Uneasy RiderDevil Went Down To Georgia Wooly Swamp Charlie Daniels
53%
Drink In My HandSpringsteen Talladega Eric Church
53%
Mama TriedAmerica First Are The Good Times Really Over Merle Haggard
53%
High Cotton40 Hour Week Born Country Alabama
47%
Ol' RedSome Beach God's Country Blake Shelton
47%
The Race Is OnWhite Lightning He Stopped Loving Her Today George Jones
47%
Seminole WindBlack Sheep Swingin' John Anderson
47%
Long Black TrainYour Man Why Don't We Just Dance Josh Turner
47%
Bob Wills Is Still The KingAre You Sure Hank Did It This Way Been A Long Time Leaving Waylon Jennings
47%
Beer Never Broke My HeartDoin' This When It Rains It Pours Luke Combs
40%
El PasoBig Iron Feleena Marty Robbins
40%
The HighwaymenSilver Stallion America Remains The Highwaymen
40%
Watermelon CrawlTen Rounds With Jose Cuervo I'm From The Country Tracy Byrd
40%
Country ClubGreat Day To Be Alive Modern Day Bonnie And Clyde Travis Tritt
40%
Watchin' AirplanesEvery Storm Runs Out Of Rain Nothing On But The Radio Gary Allen
33%
Take This Job And Shove ItFifteen Beers She's All I Got Johnny Paycheck
33%
You Never Even Called Me By My NameTennessee Whiskey Longhaired Redneck David Allen Coe
27%
Third Rock From The SunProp Me Up Beside The Jukebox Ships That Don't Come In Joe Diffie
27%
Battle Of New Orleans Sink The Bismark One Woman Man Johnny Horton
27%
Every Light In The House Is OnYou're Gonna Miss This Songs About Me Trace Adkins
27%
ConvoyBlack Bear Road Wolf Creek Pass C.W. McCall
20%
It Must Be LoveTulsa Time I Believe In You Don Williams
20%
When You're Hot You're HotEast Bound And Down Amos Moses Jerry Reed
20%
Brother JukeboxBub a Shot The Jukebox Goin' Through The Big D Mark Chesnutt
20%
Marie LaveauThe Winner 500 Miles Away From Home Bobby Bare
13%
I Sang DixieA Thousand Miles From Nowhere Guitars, Cadillacs Dwight Yoakam
13%
Walking The Floor Over YouThanks A Lot Waltz Across Texas Ernest Tubb
13%
Della And The DealerI'm A Good Old Rebel Thunder N' Lightning Hoyt Axton
13%
May The Birds Of Paradise Fly Up Your NoseWhere Were You When The Ship Hit The Sand I Got A Hole In My Pocket Little Jimmy Dickens
13%
Old Dogs, Children, And Watermelon WineWhose Gonna Feed Them Hogs The Year Clayton Delaney Died Tom T. Hall
13%
Truck Driving ManLove's Gonna Live Here Again Act Naturally Buck Owens
7%
Mississippi MudCrazed Country Rebel Country Heroes Hank Williams III
7%
Saginaw, Michigan Long Black Viel Cigarettes And Coffee Blues Lefty Frizzel
7%
Pancho And LeftyWaitin' Around To Die If I Needed You Townes Van Zandt
7%
Georgia On A Fast Train Black Rose Wacko From Waco Billy Joe Shaver
0%
Big Cheeseburgers And Good French FriesIf I Could Only Fly Sittin' By The Road Blaze Foley
0%
No matching quizzes found
Score Distribution
Percent of People with Each Score
Percentile by Number Answered
Your Score History
You have not taken this quiz